000 00363nam a2200133Ia 4500
008 191201s1994 xx 000 0 und d
082 _a677.06
_bTEI
100 _aTELI, Mangesh D
245 0 _aIntegrating Indian Textile Industry Into World Economy
260 _aN.Delhi
_bThe Textile Association
_c1994
300 _a124
650 _aB.Tech(TE)
942 _2ddc
_cBK
999 _c3433
_d3433